Fr. Conceicao Rodrigues College of Engineering

Complex variables for Scientists & Engineers 2nd edn (Record no. 28603)

MARC details
000 -LEADER
fixed length control field 00305nam a2200121Ia 4500
082 ## - DEWEY DECIMAL CLASSIFICATION NUMBER
Classification number 515.9
Item number PAN
100 ## - MAIN ENTRY--PERSONAL NAME
Personal name Paliouras J.D./ Meadous
245 ## - TITLE STATEMENT
Title Complex variables for Scientists & Engineers 2nd edn
260 ## - PUBLICATION, DISTRIBUTION, ETC.
Name of publisher, distributor, etc. Maxwell
Place of publication, distribution, etc. New York
Date of publication, distribution, etc. 1991
546 ## - LANGUAGE NOTE
Language note ENGLISH
654 ## - SUBJECT ADDED ENTRY--FACETED TOPICAL TERMS
Focus term variables
942 ## - ADDED ENTRY ELEMENTS (KOHA)
Koha item type BOOK
Holdings
Withdrawn status Lost status Damaged status Not for loan Collection Home library Current library Date acquired Cost, normal purchase price Total Checkouts Full call number Barcode Date last seen Cost, replacement price Price effective from Koha item type
        CRC Fr. Agnel's C.Rodrigues College of Engineering Fr. Agnel's C.Rodrigues College of Engineering 17/03/2023 425.02   515.9 PAN 6697 17/03/2023 425.02 17/03/2023 BOOK